000 01239nmm a2200397 a 4500
003 AR-BaBNM
005 20251128210507.0
008 150020s1993 ||||||||||||||000 | spa||
020 _a950-07-0823-X
040 _cAR-BaBNM
100 1 _aNogués, Germinal
_d1936-2004
245 1 0 _aBuenos Aires, ciudad secreta
260 _aBuenos Aires
_bRuy Díaz
_bSudamericana
_c1993
300 0 _a652 p.
504 _aContiene referencias bibliografícas y fuentes para consultar
650 4 _aSOCIOLOGIA CULTURAL
650 4 _aBARRIOS
650 4 _aARQUITECTURA
650 4 _aHISTORIA DE BUENOS AIRES
650 4 _aPARQUES PUBLICOS
650 4 _aURBANISMO
650 4 _aPLANIFICACION URBANA
650 4 _aCOSTUMBRES Y TRADICIONES
650 4 _aIDENTIDAD CULTURAL
651 4 _aBuenos Aires [Capital Federal]
700 1 _aValdés, Eduardo
_ecolaborador
700 1 _aSaldívar, Hernán
_ecolaborador
700 1 _aDrago, Liliana
_ecolaborador
700 1 _aFernández Moreno, Silvia
_ecolaborador
700 1 _aPagani, Julio
_ecolaborador
700 1 _aGociol, Judith
_ecolaborador
700 1 _aMartorelli, Mariana
_ecolaborador
700 1 _aGranara Dowling, Soledad
_ecolaborador
942 _cBK
998 _cMariana
999 _c15671
_d15671